| 000 | 00870nam1a22002291i 4500 | ||
|---|---|---|---|
| 001 | rc\3015538 | ||
| 005 | 20260531111823.0 | ||
| 035 | _a(NLR Aleph) 007157861 | ||
| 090 |
_a7218626 _c7218626 |
||
| 100 | _a20110925d1935 |||y0rusy50 ca | ||
| 101 | 0 | _arus | |
| 102 | _aRU | ||
| 105 | _ay z ||||| | ||
| 200 | 1 | _aМетодическое письмо № ... по математике для заочников Московского библиотечного техникума | |
| 210 |
_aМосква _cМоск. библ. ин-т _d1935 _gстеклогр. ЦТС ОАХ СССР |
||
| 215 | _d29×21 см | ||
| 300 | _aСтеклогр. изд. | ||
| 710 | 0 | 2 |
_aЗаочный библиотечный техникум _cМосква _9345136 _3RU\NLR\AUTH\889924690 |
| 801 | 0 |
_aRU _bNLR _gpsbo |
|
| 801 | 1 |
_aRU _bELAR _2rusmarc |
|
| 852 |
_aNLR _j35-20/110(3) |
||
| 942 | _cBOOK | ||